03590cas a2200421 45000010009000000050017000090080041000260100017000670220028000840350013001120350019001250370100001440400187002440420014004310430012004450500013004570500017004702100022004872220042005092450043005512600079005942640068006732640061007413000015008023100032008173210015008495201732008646500044025966550023026406550024026637100058026877100061027457100055028068560107028619420008029689520177029769990015031531120398520250915102313.0770124c19769999deutr p wgv 0 a0eng  a 76648400  a0364-9490l0364-949021 a11203985 a(OCoLC)2696675 bWidener University School of Law, 4601 Concord Pike, Post Office Box 7474, Wilmington, DE 19803 aDLCbengcDLCdOCLdNSTdAIPdDLCdNSDdAIPdNSTdOCLdNYGdEBZdSYSdOCLCQdZCUdDLCdNLAdOCLCQdOCLCOdOCLCFdYLSdOCLCOdFJMdOCLCAdOCLdOCLCOdOCLCAdIL4J6dOCLCOdOCLCQdOCLCL apccansdp an-us-de00aK4b.E3804aKF1397b.D440 aDel. j. corp. law 4aThe Delaware journal of corporate law04aThe Delaware journal of corporate law. 31976-<1978>:a[Wilmington,bDelaware Law School of Widener College]c1976-213<1979->:aWilmington :bDelaware Law School, Widener University313<1992->:aWilmington :bWidener University School of Law av.c25 cm. aThree nos. a year,b<1977>- aSemiannual aThe Delaware Journal of Corporate Law is a student-edited publication that was established in 1975 at Widener University Delaware Law School as a medium for business-law practitioners to stay abreast of critical issues and changes within their areas of expertise. It is Widener University Delaware Law School’s original, and most established, law review publication. For the past fifty years, the Journal has provided the nation’s business law community with a reference source of well-researched and analytical discussion on issues of timely importance. Today, the Journal is one of the nation’s most prestigious legal specialty journals and continuously receives national recognition for its thought-provoking articles on corporate law. Our focus is most appropriate for scholarly publication in Delaware—the cradle of American corporate activity. Delaware boasts incorporation by the majority of Fortune 500 companies and has consistently maintained its pre-eminence on cutting-edge corporate law and governance issues. Members of the bench and corporate bar read the Journal for insightful commentary on complex corporate matters and recent decisions. Even though the Journal maintains a focus on corporate law and governance, the scope of our articles is extremely broad. We publish articles on subjects that are that fall within the scope of the American Bar Association’s Business Law Section, which includes topics such as intellectual property, international business law, and environmental, energy, and natural resources law. The Journal Blog is focused on publishing short, yet concise, articles in a timely manner on the trending topics and recent developments in all things corporate and business law. 0aCorporation lawzDelawarevPeriodicals. 0aPeriodicals923543 0aLaw reviews.925870 aWidener College.bDelaware Law School,eissuing body.2 aWidener University.bDelaware Law School,eissuing body.2 aWidener University.bSchool of Law,eissuing body. uhttps://bibliotheque.tbs-education.fr/Default/doc/PUBFINDER/edp22740/delaware-journal-of-corporate-law 2lcc 00102lcc4070aTBSbTBSd2025-09-15l0r2025-09-15uhttps://bibliotheque.tbs-education.fr/Default/doc/PUBFINDER/edp22740/delaware-journal-of-corporate-laww2025-09-15y18 c4939d4939